000 00445nam a22001817a 4500
003 CEME
005 20210628202019.0
008 210223b xxu||||| |||| 00| 0 eng d
020 _a81-7648-276-5
040 _c.
082 _a004.67 JAV
100 _aKhurana, Rohit
_915493
245 _aJavascript, professional edition
260 _aNEW DELHI
_bA.P.H PUBLISHER
_c2002
300 _a219P
650 _aJAVASCRIPT
_93350
942 _cBK
_2ddc
999 _c568127
_d568127